000 00645nam a2200133Ia 4500
008 160809s9999 xx 000 0 und d
100 _aGarcía-Cedillo, Ismael.
245 _aWHERE DO MEXICO AND CHILE STAND ON INCLUSIVE EDUCATION? SHORT TITLE: INCLUSION IN MEXICO AND CHILE
245 _cIsmael García-Cedillo Silvia Romero-Contreras Universidad Autónoma de San Luis Potosí Liliana Ramos-Abadie Universidad Diego Portales.
260 _bInternational Journal of Special Education
260 _c2015
650 _xSPECIAL EDUCATION
856 _uhttp://www.internationaljournalofspecialed.com/docs/IJSE%20ENTIRE%20ISSUE%2030%202.pdf
999 _c300258
_d300258